000
00219nam a22000857a 4500
008
170201b xxu||||| |||| 00| 0 eng d
100
_9
2724
_a
Sinsel.J.L.
245
_a
Earth and Space Science-4-6
260
_a
U.S.A.
_b
C.D.
_c
2007
999
_c
5890
_d
5890